000 00627nam a2200217Ia 4500
003 OSt
005 20260202140027.0
008 210716s2011 xx 000 0 und d
020 _a0-13-026995-6
040 _cAIMIT LIBRARY
041 _aeng
082 _a658.4012
_210
_bDAVF
100 _aDavid, Fred R.
_9253526
245 _aStrategic management:
_bconcepts and cases /
_cBy Fred R. David
250 _a8th ed.
260 _aNew Jersey :
_bPrentice Hall ,
_c2011.
300 _axxxi,290p. ;
_bPB
_c28cm
650 _aStrategic Management
_9253527
650 _aManagement & Operation issue
_9253528
942 _2ddc
_cBK
999 _c188511
_d188511